000 00581nam a2200157 4500
001 131214
003 ES-MaACL
005 20230906193934.0
007 t|
008 070214s1912 fr r ||||1| fre d
100 1 _aRodocanachi, Emmanuel.
_998153
245 1 3 _aLa premiére renaissance
_b: ; Rome au temps de Jules II et de Léon X ; La cour pontificale ; Les artistes et les gens de lettres ; La ville et le peuple ; Le sac de Rome en 1527 /
_cEmmanuel Rodocanachi.
260 _aParis :
_bFernand Schmidt,
_c1912.
300 _a464 p. ;
_c33 cm.
852 _aES-MaACL
_jB-12033
999 _c131214
_d131214